000 01366nam0a22003251 4500
001 rc\2211953
005 20110826163540.4
035 _a(NLR Aleph) 006541988
090 _a6646671
_c6646671
100 _a20110826d1978 |||y0rusy50 ca
101 0 _arus
102 _aRU
105 _aa z |||||
200 1 _aПоэтический край
_eН.Г. Чернышевский и груз. общественность
_e150 лет со дня рождения Н.Г. Чернышевского
_e[Сборник
_fСост. В.С. Шадури]
210 _aТбилиси
_cМерани
_d1978
215 _a204 с.
_cил.
_d22
320 _aСписок лит. в примеч.: с. 193-203
606 _aРусская литература
_z19 в.
_2psbo
606 _aРусские революционные демократы
_2psbo
606 _aРусско-грузинские отношения
_xИстория
_z10 в.
_2psbo
686 _aШ5(2=Р)52-4ЧернышевскийН.418-1
_2rubbk
702 1 _aЧернышевский
_bН. Г.
_gНиколай Гаврилович
_4570
702 1 _aШадури
_bВ. С.
_gВано Семенович
_4220
801 0 _aRU
_bNLR
_gpsbo
801 1 _aRU
_bELAR
_2rusmarc
852 _aNLR
_j78-5/4668
899 _aRuMoRGB
_jБ 78-10/344
899 _aRuMoRGB
_jБ 78-10/345
942 _cBOOK
980 _aNB